Η συμβολή του νέου μουσείου Ακρόπολης στον πολιτιστικό τουρισμό της Ελλάδας : διπλωματική εργασία

Αποθηκεύτηκε σε:
Λεπτομέρειες βιβλιογραφικής εγγραφής
Κύριος συγγραφέας: Παναγιώτου, Ιωάννης
Συγγραφή απο Οργανισμό/Αρχή: Πανεπιστήμιο Αιγαίου Σχολή Επιστημών της Διοίκησης Τμήμα Διοίκησης Επιχειρήσεων - Τ.Δ.Ε
Μορφή: Thesis Βιβλίο
Γλώσσα:Greek
Δημοσίευση: 2013.
Θέματα:
Διαθέσιμο Online:http://hdl.handle.net/11610/6850
Ετικέτες: Προσθήκη ετικέτας
Δεν υπάρχουν, Καταχωρήστε ετικέτα πρώτοι!

MARC

LEADER 00000cam a2200000 i 4500
001 1/62821
008 150108s2013 gr | ||| |||| ||gre||
035 |l 10120303 
040 |a GR-MyUa  |b gre  |e AACR2 
041 0 |a gre 
082 7 |a 338.479149512   |2 (23) 
100 1 |a Παναγιώτου, Ιωάννης. 
245 1 2 |a Η συμβολή του νέου μουσείου Ακρόπολης στον πολιτιστικό τουρισμό της Ελλάδας :   |b διπλωματική εργασία /   |c Παναγιώτου Ιωάννης ; επιβλέπων καθηγητής: Δημήτριος Λαγός. 
260 |c 2013. 
300 |a 89 σ. :   |b φωτ., πίν., διαγρ. ;   |c 30 εκ. 
502 |a Πτυχιακή εργασία – Πανεπιστήμιο Αιγαίου, Χίος, 2013. 
504 |a Περιλαμβάνει βιβλιογραφία. 
650 0 |a Heritage tourism  |z Greece  |z Athens. 
650 0 |a Culture and tourism  |z Greece. 
650 0 |a Museums  |z Greece  |z Athens. 
650 0 |a Dissertations, Academic  |z Greece. 
700 1 |a Λαγός, Δημήτρης Γ.  |e dgs 
710 1 |a Πανεπιστήμιο Αιγαίου  |b Σχολή Επιστημών της Διοίκησης  |b Τμήμα Διοίκησης Επιχειρήσεων - Τ.Δ.Ε. 
852 |a INST  |b CHIOS  |c DIATR  |e 20150109  |h 338.479149512 ΠΑΝ  |p 005200035997  |q 005200035997  |t DIE  |y 23 
852 |a INST  |b CHIOS  |c DIATR  |e 20150108  |h 338.479149512 ΠΑΝ  |p 005200035998  |q 005200035998  |t DIE  |y 23 
856 |u http://hdl.handle.net/11610/6850 
901 |a BIBL2-2015-1 
924 |a ΠΑΝΑΓΙΩΤΟΥ  |b ΙΩΑΝΝΗΣ  |y Χίος  |z 2014-06 
970 |a ΠΑΡΟΙΚΑΚΗ  |b ΒΑΣΙΛΙΚΗ  |z 2015/01/08